| 000 | 01197 a2200253 4500 | ||
|---|---|---|---|
| 999 |
_c10455 _d10455 |
||
| 020 | _a9780521868037 (hardback) | ||
| 020 | _a0521868033 (hardback) | ||
| 020 | _a9780521687461 (pbk.) | ||
| 020 | _a0521687462 (pbk.) | ||
| 050 | 0 | 0 | _aQH361. YOU 2007 |
| 100 | 1 |
_aYoung, David, _d1942 February 25- _eauthor |
|
| 245 | 1 | 4 |
_aThe discovery of evolution / _cDavid Young. |
| 250 | _a2nd edition. | ||
| 264 |
_aLondon: _bCambridge university press., _c2007 |
||
| 300 |
_aviii, 281 p. : _bill. (some col.) ; |
||
| 500 | _aIncludes bibliographical references (p. 258-277) and index. | ||
| 504 | _aIncludes bibliographical references (p. 258-277) and index. | ||
| 650 | 0 |
_aEvolution (Biology) _xHistory. |
|
| 856 | 4 | 1 |
_3Table of contents only _uhttp://www.loc.gov/catdir/toc/ecip079/2007002768.html |
| 856 | 4 | 2 |
_3Publisher description _uhttp://www.loc.gov/catdir/enhancements/fy0713/2007002768-d.html |
| 856 | 4 | 2 |
_3Contributor biographical information _uhttp://www.loc.gov/catdir/enhancements/fy0729/2007002768-b.html |
| 942 |
_2lcc _cBK _h361 _iYOU _kQH |
||